000 00630nam a2200193Ia 4500
003 GCL
008 140319s9999 xx 000 0 ara d
040 _aGCL /
_cGCL
082 0 4 _a792.9
_bف م
100 1 _aفوستر، ديفيد ويليام
245 1 0 _aمن مسرح امريكا اللاتينية المسرح المستقبل فى الارجنتين(1930 - 1955) /
_cفوستر، ديفيد ويليام
700 1 _aعبدالوهاب محمود خضر
300 _a192
490 _a100 قصة
_v0
650 0 4 _aالمسرح
650 0 4 _aالمسرحيات
650 0 4 _aالارجنتين
942 _2ddc
_cBK
999 _c46680
_d46680